00518nam a2200205Ia 4500003000400000005001700004008004100021020001500062040000700077041000800084082001500092100004200107245005800149250000600207260004300213300001600256365001300272650001200285650001500297OSt20230328145609.0210423s2005 xx 000 0 und d a8122901859 cAL aeng a070.1 HACW aHACHTEN (William A);SCOTTON (James F) aWorld news prism: global media in an era of terrorism a6 aNew DelhibSurjeeth Publicationsc2005 axxi,205bPB b195cINR aGeneral aMass Media